000 00802nam a22002057a 4500
005 20250521093532.0
008 230515b ||||| |||| 00| 0 spa d
100 1 _917021
_aHurtado Hoyo, Elías
245 2 0 _aCódigo de ética para el equipo de salud /
_c Elías Hurtado Hoyo, Horacio A. Dolcini y Jorge F. Yansenson
250 _a3a.ed.
260 _aBuenos Aires:
_bAsociación Médica Argentina,
_c2016.
300 _a240 p.
_bdigital
650 2 7 _96743
_aETICA PROFESIONAL
_2decs
650 2 0 _aSERVICIOS DE SALUD
_9165
700 1 _917022
_aDolcini, Horacio A.
700 _917023
_a Yansenson, Jorge F.
856 _uhttps://www.ama-med.org.ar/images/uploads/files/CODIGO%20DE%20ETICA%203ra%20Edici%C3%B3n.pdf
942 _2ddc
_cLIBRO DIGI
980 _62
_aVirginia Figueroa
_82
_gVirginia Figueroa
999 _c10938
_d10938